| 000 | 00920nam a22002897a 4500 | ||
|---|---|---|---|
| 003 | IBSLLIB | ||
| 005 | 20260512085244.0 | ||
| 008 | 260512b |||||||| |||| 00| 0 eng d | ||
| 020 | _a0520078918 | ||
| 022 | _a0520078918 | ||
| 040 |
_aIBSLLIB _beng |
||
| 041 | _hEng | ||
| 082 |
_a658.4 _bSMI |
||
| 100 | _aSmith , Vicki | ||
| 245 |
_aManaging in the Corporate Interest : _bControl and Resistance in an American Bank |
||
| 260 |
_aEngland : _bUniversity of California press Berkeley and los Angeles , _c1990 |
||
| 300 |
_a245 p ; _c23 cm |
||
| 505 | _aSocial change and the study of management | ||
| 505 | _aThe Business of Banking | ||
| 505 | _aManufacturing management Ideology | ||
| 505 | _aManaging in the corporate interest | ||
| 505 | _aWhere credit id Due | ||
| 650 | _aManagement and auxiliary services | ||
| 653 | _aBank management | ||
| 653 | _aMiddle management | ||
| 942 | _cLBK | ||
| 999 |
_c22112 _d22112 |
||